Les autres noms de sainte Marie - Statistiques

Statistiques générales
  • Ce quiz a été pris 76 fois
  • Le résultat moyen est 9 sur 16
Statistiques - réponses
Indices Noms % Correct
Qualificatif qui se réfère au fait que sainte Marie ne "connai[t] point l'homme" (Luc 1.34). La Vierge Marie
96%
Nom qui réfère à la ville où sainte Marie vécut durant l'enfance de son Fils : Marie de _______. Il s'agit du titre d'un film de Jean Delannoy. Nazareth
88%
Nom que portent la plupart des cathédrales médiévales de France qui lui sont dédiées. Notre-Dame
84%
Nom (ou surnom) qui réfère à la nature de sa maternité et que l'on retrouve dans le "Je vous salue Marie". La Mère de Dieu
82%
Personnage de l'Ancien Testament qui a provoqué la chute du genre humain. Irénée de Lyon considère sainte Marie comme la "Nouvelle __" dans le sens où elle a permis de revenir sur la désobéissance de cette dernière lors du péché originel. Ève
69%
Nom qui est devenu une "locution interjective" couramment employée en Provence, notamment du côté de Marseille. Surnom d'ailleurs souvent donné à la principale basilique de Marseille. Bonne Mère
67%
Titre que porte sainte Marie dans le ciel. Reine
67%
Nom latin de ce titre. Regina
63%
Nom donné à sainte Marie dans ses représentations picturales avec son Enfant. La madone
57%
Terme par lequel Jésus Christ appelait Sa mère lorsqu'Il était sur la croix en lui demandant d'adopter saint Jean comme son propre fils : "____, voilà votre fils" (Jean 19.26). Femme
55%
Nom que sainte Marie se donne elle-même lors de son apparition à sainte Bernadette Soubirous à Lourdes en 1858 et qui fait référence à un dogme officialisé quatre ans plus tôt par Pie IX. L'Immaculée conception
55%
Marie est "l'____ de la Nouvelle Alliance" Arche
41%
Nom araméen de sainte Marie. Maryam
37%
Fonction de sainte Marie, dérivée du monde juridique, apparue pour la première fois dans les écrits d'Irénée de Lyon. Ce nom fait référence au fait que sainte Marie intercède en notre faveur. Notre avocate
35%
Selon saint Thomas d'Aquin dans sa "Somme théologique", sainte Marie est le "_____ du Seigneur" car le "Saint-Esprit [...] se trouve dans Marie comme dans un _____". Temple
25%
Symbole marial présent sur le drapeau acadien. C'est sous ce vocable que sainte Marie est connue comme la guide et protectrice des marins. Il s'agit également d'un animal apparenté aux mollusques (le vocable latin ou français est accepté). L'Étoile de mer / Stella maris
24%
Aucun quiz correspondant
Distribution des résultats
% des personnes avec chaque résultat
Percentile par nombre de réponses
Votre historique - résultats
Vous n’avez pas pris ce quiz